[Event "Euwe-Wijker Toren 41/2-51/2"]
[Site "?"]
[Date "2008.03.08"]
[Round "7"]
[White "Witt, Rob"]
[Black "Den Heeten, Djurre"]
[Result "0-1"]
[WhiteElo "2252"]
[BlackElo "2293"]
[Annotator "Witt"]
[PlyCount "78"]
[EventDate "2008.??.??"]

{In de 7e ronde speelden we thuis tegen het sterke Wijker Toren. We verloren
nipt met 51/2-41/2. Evenals tegen BSG had er meer ingezeten. Onder andere in
mijn partij kwam de nul een beetje onverwacht.} 1. Nf3 d5 2. d4 Bg4 {Dit
speeld e Djurre ook tegen mij in de Corus 4-kamp, Wijk aan Zee 2008. Ik was
toen meteen 'out of book' en zette slap voort met 3.e3, nam later teveel
risico en verloor. Omdat de zwarte opzet met Lg4 niet bijzonder is, had ik
niet gedacht dat hij het opnieuw zou spelen en iets anders voorbereid.} 3. Ne5
{Ik had nog onthouden dat dit de beste zet was volgens Khalifman.} Bf5 4. c4 f6
{Maar hier was ik alweer 'out of book'. Dat gaat tegenwoordig steeds sneller
bij mij. Twee dagen eerder in de interne tegen Arne Moll had ik dat probleem
op de 6e zet.} 5. Qa4+ {5'  Deze zet blijkt nooit gespeeld te worden.} ({
Nomaal is} 5. Nf3 {zoals ik in de analyse van mijn vorige partij tegen Djurre
al had aangegeven en vervolgens weer vergeten.} c6 (5... Nc6 $2 6. cxd5 Qxd5 7.
Nc3 Qa5 8. Bd2 e5 9. e4 exd4 10. Nd5 Nb4 11. Nxb4 (11. Nxd4 $1 $18) 11... Bxb4
12. exf5 $18 {Fronczek (2270) - Wegener (2150) Bad Wildbad 1997 (26.1-0)}) (
5... dxc4 6. Nc3 e5 7. e4) (5... e6 6. Nc3 c6) 6. Nc3 e6 7. g3 Bb4 8. Bg2 Ne7
9. O-O O-O 10. Qb3 a5 11. a3 Bxc3 12. bxc3 Nd7 13. Nd2 a4 14. Qa2 Bg6 15. e4
Bf7 16. Rb1 $14 {Kasparov (2735) - Short (2615) London 1987 (50.0-1)}) 5... c6
6. Nf3 e6 {6'} 7. Nc3 {9'} Nd7 {10'} 8. cxd5 {10'} exd5 9. g3 {14'} (9. Nh4 $5)
9... Be4 $2 {18'  Slechte opstelling.} ({Zwart had gewoon normaal moeten
ontwikkelen met} 9... Bd6 10. Bg2 Ne7 $13) 10. Bg2 {16'} (10. Bh3 $5 {heb ik
ook een tijdje overwogen en was waarschijnlijk iets sterker geweest.}) 10... f5
{23'} 11. O-O Bd6 12. Bf4 {20'} ({Veel sterker was hier het door Juan de Roda
aangegeven} 12. Nxe4 fxe4 13. Ng5) 12... Bxf4 {36'} 13. gxf4 Bxf3 14. Bxf3 {22'
} Qh4 {37'  Beetje optimistisch.} (14... Ngf6 $13) 15. Qb4 $1 {27'} Qxf4 $2 {
48'  Zwart had pion b7 beter kunnen dekken.} ({Te gevaarlijk is} 15... O-O-O $2
{wegens} 16. Nb5 $1) ({Maar gewoon} 15... Rb8 {is onduidelijk.}) 16. Qxb7 Rb8
17. Qxc6 {31'} Ne7 {50'} 18. Qa4 {40'} ({Verleidelijk was} 18. Qe6 {met de
dreiging Dxe7. Maar zwart speelt} Qg5+ 19. Bg2 Rb6 20. Qe3 {en het witte
voordeel blijft binnen de perken.}) 18... Rb6 {58'} 19. Bg2 {41'} Rg6 {1.04'}
20. Kh1 {46'  Ik had het gevoel dat ik hier in hogere zin gewonnen stond en
hoewel dat volgens mij ook zo is, zijn zulke gevoelens altijd gevaarlijk.} Rf8
{1.13'} 21. Rad1 {50'} ({Zoals Harmen Jonkman aangaf, was er niks tegen simpel
} 21. Qxa7 $16 {of +-. Ik heb echter altijd de neiging om tevreden te zijn met
mijn pluspion en eerst de verdediging te willen organiseren.}) 21... Rh6 {1.15'
} 22. h3 Rff6 {1.17'} 23. Rd3 {53'  Ik was hier echter nog steeds zeer
tevreden en terecht.} Ra6 $1 {deze zet was mij echter totaal ontgaan en geheel
onnodig begin ik de draad kwijt te raken.} 24. Qc2 $6 {Over 58'} ({Veel beter
was mijn eerste gedachte} 24. Qb4 $1 {met de dreiging op e7 te slaan. Ik
herinner me nog dat ik de zet uiteindelijk naliet wegens} Nf6 {Ik begrijp
achteraf niet waarom, want na bijv.} 25. Re3 {heeft zwart niet beter dan} ({
Nog sterker is} 25. Qb7 {maar die heb ik niet overwogen.}) 25... Qd6 {en na
dameruil heeft wit een gezonde pluspion.}) 24... Nf6 {Over 41'. Zwart dreigt
Pg4.} 25. Qc1 $6 {45'} ({Na} 25. Qd2 $5 Qb8 26. Rc1 {heeft wit nog steeds een
plusje.}) 25... Qb8 {37'} 26. e3 $2 {39'  Ondanks 8' nadenken een slechte en
achteraf onbegrijpelijke zet. Mijn bedoeling was geloof ik om mijn paard om te
spelen via e2-g1-f3 naar e5. Allemaal veel te omslachtig en niet haalbaar.} (
26. Rg3 $14) (26. f4 {gaf Jonkman aan, maar na} Kf7 27. Qd2 Ne4 28. Nxe4 fxe4
29. Rb3 Rhb6 {heeft zwart goede compensatie voor de pion.}) 26... g5 $1 {
35'  Gemist.} 27. f3 {29'} g4 {23'} 28. fxg4 {26'} (28. e4 Nh5 29. fxg4 dxe4
30. gxh5 exd3 {is goed voor zwart.}) 28... Nxg4 $2 {16'} ({Sterk was} 28... Qg3
$1 {wat Djurre wel gezien had, maar hij had het ten onrechte verworpen wegens}
29. e4 {Hij miste echter het vervolg} Rxh3+ 30. Bxh3 Qxd3 $17) 29. Rf4 Rag6 {
11'} ({Ik verwachtte} 29... Ng6 {maar Djurre vond dat te riskant wegens} 30.
Rxg4 fxg4 31. Nxd5 {en inderdaad lijkt dat goed voor wit.}) 30. Nd1 {22'} Nf6 {
9'} ({Djurre vond achteraf dat hij} 30... Qb4 {had moeten spelen. Maar na bijv.
} 31. Nf2 Rc6 32. Rc3 ({of} 32. Qf1 $5) 32... Nxf2+ 33. Rxf2 Rxc3 34. bxc3 Rc6
35. Rc2 Qa5 36. Bf1 {heeft wit nog steeds een gezonde pluspion.}) 31. Rb3 {
21'  Die had Djurre gemist.} Qd8 32. Qc5 $2 {19'  met een verkeerde bedoeling.}
(32. Rb7 $14) 32... Ne4 {8'} 33. Qxa7 $2 {18'} ({Ik had mijn fout moeten
inzien en terugtrekken met} 33. Qc2 {maar na} Rg3 {staat zwart weer goed.})
33... Nc6 {Totaal gemist. Zwart staat op slag gewonnen. Hij valt de dame aan
en dreigt Dg5.} 34. Qb7 {13'  Er was geen verdediging meer.} ({Na het relatief
betere} 34. Qa6 Qg5 35. Rxe4+ fxe4 36. Qf1 Qg3 37. Nf2 Rh5 38. Kg1 Rf5 39. Rc3
Rgf6 40. Rc2 Qxe3 {is het ook gebeurd.}) 34... Qg5 {5'} 35. Qc8+ Nd8 36. Qc2 {
12'} Rxh3+ {4'} 37. Kg1 Qh5 {3'} 38. Kf1 {10'} Rxg2 {2'} 39. Qxg2 {9'} Qxd1# {
Een kostbare nederlaag. Maar net als tegen BSG, was ik de enige nul die wel
mee ging eten. En ondanks dat ik zo'n zeven keer moest horen dat ik verloren
had, was het best gezellig.} 0-1

[Event "Euwe intern 2007-2008"]
[Site "?"]
[Date "2008.04.03"]
[Round "2.12"]
[White "Witt, Rob"]
[Black "Doggers, Peter"]
[Result "0-1"]
[WhiteElo "2252"]
[BlackElo "2253"]
[Annotator "Witt"]
[PlyCount "74"]
[EventDate "2008.??.??"]

1. Nf3 d5 {4'} 2. d4 Nf6 3. c4 c6 {5'} 4. Nc3 {1'} e6 5. Bg5 {2'} h6 6. Bxf6 {
5' De Moskouvariant, waarmee ik alleen als zwartspeler enige ervaring heb.} ({
De grote mode is tegenwoordig de Anti-Moskouvariant die tot duizelingwekkende
verwikkelingenleidtna} 6. Bh4 dxc4 7. e4 g5 8. Bg3 b5) 6... Qxf6 {Deze
stelling had ik een week eerder met zwart tegen Alje Hovenga.} 7. e3 ({Alje
speelde overigens al voor de derde keer tegen mij} 7. Qb3 dxc4 8. Qxc4 Nd7 9.
g3 ({In onze eerste partij met deze variant speelde Alje zonder succes} 9. e4
e5 10. d5 Nb6 11. Qb3 Bc5 $15) 9... e5 ({In onze 2e partij (playoffs 2007)
koos ik voor een opbouw met} 9... g6 {met remise als resultaat.}) 10. Nxe5 $6 (
10. Bg2) (10. O-O-O) 10... Nxe5 11. dxe5 Qxe5 {en zwart stond al minstens
gelijk en won tamelijk regelmatig.}) 7... Nd7 8. Bd3 {10'} g6 {7'} 9. O-O Bg7
10. Qe2 {16'} ({Nauwkeuriger is waarschijnlijk direkt} 10. e4 {In mijn
database kwam ik een interessante partij van mijzelf tegen als zwartspeler
tegen een IGM, die ik vergeten was en ook nooit geanalyseerd heb. Ik geef hem
zonder commentaar.} dxc4 11. e5 Qe7 12. Bxc4 O-O 13. a4 a5 14. Re1 b6 15. Re3
Rd8 16. Qe2 Nb8 17. Ne4 Na6 18. Nd6 Nb4 19. Rc1 Bb7 20. Nd2 Rxd6 $1 21. exd6
Qxd6 22. Ne4 Qxd4 (22... Qe7 $1 $15) 23. Rd1 Qxb2 24. Qxb2 Bxb2 25. Rd7 Ba6 26.
Bxa6 Nxa6 27. Rb3 Be5 28. Rxb6 f5 29. Rxc6 fxe4 30. Rxe6 Bc3 $6 (30... Nc5 $1
$14) 31. Rc6 Bb4 $2 32. Rxg6+ Kf8 33. Rxh6 Kg8 34. Rg6+ Kh8 $2 35. Rd5 Kh7 36.
Rg4 Kh6 37. Rxe4 Rc8 38. h4 Nc5 39. Rc4 {1-0 Mikhalevski (2495) - Witt (2330)
Donner Memorial Amsterdam 1995}) 10... Qe7 {9'} 11. e4 dxc4 {16'} 12. Bxc4 O-O
13. Rad1 {27' Misschien te langzaam.} (13. e5) 13... b6 {25'} ({Na afloop
bekeken we} 13... b5 {wat goed speelbaar lijkt.}) 14. Rfe1 Bb7 (14... Rd8 $5)
15. e5 {32'} ({Het na de partij door Arne Moll aangegeven} 15. Ba6 $5 {had ik
tijdens de partij ook overwogen, maar ik besloot op koningsaanval te spelen.})
15... Rad8 $6 ({Achteraf gaf Peter de voorkeur aan} 15... Rfd8 {Waarschijnlijk
kan wit dan het beste voortzetten met} 16. Ba6 $14 {wat we op dit moment niet
bekeken hebben.}) 16. Qe4 $6 {Hier had ik later spijt van.} (16. Ne4 $2 c5 $1 {
is goed voor zwart.}) (16. h4 $5 {vonden we achteraf beter.}) 16... Rfe8 $6 {
31' En ook over deze torenzet was Peter niet tevreden.} ({We bekeken} 16... Qb4
17. Bb3 Rb8 18. Qc2 {maar dit leek ons iets beter voor wit.}) ({Misschien was
de fout erkennen met} 16... Rb8 {de beste oplossing geweest.}) 17. a3 $2 {
Wit nog 47' Ik wilde eigenlijk met h4 voortzetten maar vond Db4 hinderlijk.
Achteraf blijkt dat mee te vallen.} (17. h4 Qb4 18. Qe2 {Met een on duidelijke
stelling waarbij zwart voor de lastige keus staat of hij met c5 of b5 wil
verder gaan (of iets anders) en of hij h4-h5 wel of niet kan toelaten.} c5 (
18... b5 19. Bd3 Nb6 (19... h5 20. Ne4 $14) 20. h5 g5 21. Ne4 {met
aanvalskansen.}) 19. d5 exd5 (19... Nxe5 20. Nxe5 exd5 21. Bxd5 Rxe5 22. Bxb7
Rxd1 23. Qxd1 Qxb2 24. Nd5) 20. Bxd5 Bxd5 21. Nxd5 Qa5 22. Nc7 (22. Qd3 $5)
22... Nxe5 (22... Re7 23. e6 $1) 23. Nxe8 Rxe8 24. Kf1 $14 Qxa2 25. Ra1) 17...
b5 $1 {Zwart nog 52'. Totaal gemist. Wit krijgt helemaal geen tijd meer om een
koningsaanval met h4 op te zetten..} 18. Bd3 {44'} (18. Bxb5 $2 {faalt op} f5 (
{Of ook op wat Peter gepland had} 18... cxb5 19. Qxb7 Nxe5 20. Qxb5 Nxf3+ 21.
gxf3 Bxd4 $17) 19. exf6 Nxf6 20. Qxg6 cxb5 $17) 18... b4 $1 {48'} 19. Ne2 $6 {
40'} ({We verwierpen} 19. axb4 Qxb4 {valt b2 aan en dekt Lb7 zodat zwart klaar
staat voor c5. Toch had ik dit moeten spelen. Bijv.} 20. Qf4 ({Of misschien} 
20. Qe3 c5 21. Bb5 $13) 20... c5 (20... Qxb2 21. Ne4 $16) 21. Be4 Qxb2 22. Na4
Qb4 23. Bxb7 Qxb7 24. dxc5 $13) 19... Rb8 20. Qf4 $6 {33' Geeft zwart een
extra mogelijkheid op zet 22.} (20. Qe3 {was veiliger geweest.}) 20... bxa3 21.
bxa3 c5 22. Be4 {32'} Bxe4 {40'} ({Interessant is de min of meer geforceerde
variant van Rybka} 22... g5 $5 23. Qe3 g4 24. Bxb7 Rxb7 25. Qe4 gxf3 26. Qxb7
fxe2 27. Rxe2 cxd4 28. f4 {Dit lijkt goed voor zwart. Bijv.} Rb8 29. Qxa7 d3
30. Re4 (30. Rxd3 Rb1+ 31. Kf2 Qh4+ 32. Ke3 Nb6 $17) (30. Red2 Qc5+ 31. Qxc5
Nxc5 $17) 30... Qc5+ 31. Qxc5 Nxc5 32. Rb4 Ra8 $17) 23. Qxe4 cxd4 {A tempo
gespeeld. Er waren misschien betere zetten. Bijv.} (23... c4 $5 {Dit vreesde
ik tijdens de partij, maar het valt mee voor wit.} 24. Rc1 Nb6 25. Nd2 Rec8 (
25... Qxa3 26. Nxc4 Nxc4 27. Rxc4 Rec8 28. Rxc8+ Rxc8 29. g3 $13) 26. Rc3 $13)
(23... Rec8 $5 {is waarschijnlijk de beste en lijkt iets beter voor zwart.})
24. Nexd4 {29' Nu staat wit niet meer minder.} Nc5 {36' Waarschijnlijk de
beste zet, maar niet de enige, zoals we bij de post-mortem dachten.} (24...
Qxa3 {faalde op} 25. Nc6 (25. Nxe6 Nxe5 $17) 25... Rb7 26. Ne7+ {maar dat
blijkt mee te vallen na} Qxe7 {Die hadden we gemist.} 27. Qxb7 Nxe5 28. Qxe7
Nxf3+ 29. gxf3 Rxe7 30. Rd8+ Kh7 31. Red1 Bf6 32. R1d7 Kg7 {en dit zal remise
zijn.}) ({Een alternatief was echter} 24... Rb2 25. Nc6 Qc5 $13) 25. Qe3 Rec8 {
34'} 26. Rb1 {28' Over deze en de volgende torenzet ben ik niet zo tevreden.} (
26. Rc1 $11) 26... Qd7 {30'} 27. h4 {25' Elf zetten te laat en misschien ook
een veldje te ver.} h5 {28'} 28. Rec1 {23'} Rxb1 29. Rxb1 Na4 {26'} 30. Qb3 {
17'} Nb6 $1 {17'} 31. Nb5 $2 {15' Als j e al de hele partij zit te kijken naar
varianten waarbij het paard naar d5 gaat, komt het kennelijk niet bij mij op
dat het paard ook naar c4 kan.} ({Na het betere} 31. Qb5 {lijkt wit het te
kunnen houden.}) 31... Nc4 $1 {Wit is plotseling weer in de problemen, al was
dat hier nog niet tot me doorgedrongen.} 32. Rd1 {14' Dit leek ons de enige
zet.} ({Maar Rybka komt met het relatief betere} 32. Nd6 {Die had ik nog wel
gezien} Nxd6 33. Qd3 {Maar die niet.} (33. Rd1 $2 Qb5 $19) 33... Bf8 34. Ng5
Qc6 35. exd6 Bxd6 36. g3 {en wit kan nog een beetje rommelen.} (36. Nxe6 $2
Qc1+)) 32... Qb7 33. Rc1 $2 {Of het nu kwam door vermoeidheid of doordat ik
werd afgeleid door de kramkzinnige verwikkelingen bij Christophe-Hovenga naast
ons, ik zie niet dat pion e5 instaat.} ({Bij de post-mortem dachten we dat ik
nog remise kon maken met} 33. Qa4 {maar dat blijkt niet te kloppen.} Nxe5 $1 ({
We bekeken alleen} 33... Nb2 $13) 34. Nd6 Nxf3+ 35. gxf3 Qc6 $17 {Dit idee
moeten we gemist hebben.}) 33... Nxe5 34. Rxc8+ Qxc8 {Zwart heeft niet alleen
een pion gewonnen, het is gelijk totaal uit.} 35. Nxe5 (35. g3) 35... Qc1+ 36.
Kh2 Bxe5+ 37. g3 Qc5 {en ik keek nog een paar minuten naar Christophe-Hovenga
alvorens Peter te feliciteren.} (37... a6 $1 {was overigens ook een leuke
slotzet geweest.}) 0-1

[Event "Euwe intern 2007-2008"]
[Site "?"]
[Date "2008.04.10"]
[Round "2.13"]
[White "Van der Weide, Piet"]
[Black "Witt, Rob"]
[Result "1/2-1/2"]
[WhiteElo "2200"]
[BlackElo "2252"]
[Annotator "Witt"]
[PlyCount "55"]
[EventDate "2008.??.??"]

{Na afloop dacht ik dat deze partij een niemendalletje was. Ik kom goed uit de
opening, maar doe er niks mee en met een stukoffer houdt Piet eeuwig schaak.
Ik vond de partij niet eens de moeite van het analyseren waard. Bij het
invoeren zag ik echter dat Piet op hjet eind een goed, waarschijnlijk gewonnen
eindspel had kunnen bereiken.} 1. d4 d5 2. Nf3 Nf6 3. e3 c5 4. c3 e6 5. Bd3 Nc6
6. O-O Qc7 7. Nbd2 Bd6 8. dxc5 Bxc5 9. e4 O-O 10. Qe2 {4'} h6 {4' Deze
stelling uit de Colle-Koltanowski kwam vlot op het bord. We hadden dit een
jaar geleden bij de playoffs ook al op het bord gehad (zie Euwe Online) en ik
had geen reden om iets anders te spelen. Het wachten was op een verbetering
van Piet.} 11. h3 {Ook dit speelde Piet a tempo. Hij vertelde naderhand dat
hij dit bekeken had. Mijns inziens is het geen geweldige zet.} ({De vorige
keer speelde Piet} 11. exd5 exd5 12. Nb3 {maar dat bleek geen succes.}) ({
Andere mogelijkheden zijn} 11. Bc2) ({en} 11. e5) 11... Nh5 $1 {10' dreigt
zowel Pf4 als Pg3.} 12. Nb3 {5'} Ng3 13. Qc2 Nxe4 {13'} 14. Bxe4 dxe4 15. Qxe4
Bd6 {16'} 16. Nbd4 {7'} Nxd4 17. Nxd4 Bd7 {18'} 18. Rd1 {10'} Rad8 {22' Zwart
staat al iets beter.} 19. Be3 {12'} Rfe8 $6 {25' Ik realiseerde me dat ik iets
met f5 en e5 moest doen, maar dit leek me nog niet het juiste moment. Ten
onrechte.} ({Sterker was toch} 19... f5 {wat ik naliet wegens} 20. Qc2 f4 $1 ({
Ik had alleen gekeken naar} 20... e5 21. Qb3+ Kh8 22. Nb5 Bxb5 23. Qxb5 b6 24.
f3 {en vond ik niet zoveel voor zwart.}) 21. Bd2 e5 ({Andere goede zetten zijn
} 21... Rf6) (21... Kh8) (21... Qc4) 22. Qb3+ Kh8 23. Nb5 Bxb5 24. Qxb5 e4 {
en zwart staat heel goed.}) 20. Qg4 $6 {16'  Ook niet zo'n beste.} (20. a4)
20... Kh7 $2 {A tempo gespeeld.} ({Opnieuw had ik moeten kiezen voor} 20... f5
21. Qg6 {Maar ik heb het niet gespeeld omdat ik opnieuw de zet} f4 $1 {mis.}
22. Bd2 e5 23. Nf5 Bxf5 24. Qxf5 e4 $17) 21. a4 {18'} a6 {30'} ({Het wordt
vervelend, maar beter was opnieuw} 21... f5) 22. a5 {20'} Bc5 $2 {33'  Weer
een rotzet.} (22... f5 $1) 23. Qh5 {21'} e5 $2 {38'} ({Opnieuw beter was} 23...
f5 {al is van zwart voordeel geen sprake meer.}) 24. Bxh6 $1 {22'  Ik had de
hele partij al niks gezien en deze zet kwam dan ook als een donderslag.} gxh6
$2 {43'  Ik zat alleen maar te balen dat Piet eeuwig schaak ging geven, maar
het had erger kunnen zijn.} ({Relatief het beste was} 24... Kg8 {waarop Piet
twee weken later} 25. Bxg7 {aangaf} ({Beter is} 25. Nb3 Be7 26. Bg5 {en zwart
heeft enige compensatie voor zijn pion en kan nog vechten.}) 25... Kxg7 26.
Qg5+ Kf8 27. Qh6+ Kg8 28. Rd3 {is dan geen echte winstpoging wegens} exd4 $1)
25. Qxf7+ Kh8 26. Nf5 {30'} Bf8 27. Qf6+ {33'} ({Piet ziet niks beters dan
eeuwig schaak omdat het ogenschijnlijk sterke} 27. Rd6 {hem niet  beviel wegens
} Bxf5 28. Qxc7 Rxd6 29. Qxb7 $13) ({Wit heeft echter het sterke} 27. Rd5 $1
Qc8 ({Er is niks beters want} 27... Bxf5 {faalt nu op} 28. Qxc7 Rxd5 29. Qf7 $1
{met stukwinst.}) 28. Qf6+ Kh7 29. Rad1 Bxf5 30. Rxd8 Rxd8 31. Rxd8 Bg7 32.
Rxc8 Bxf6 33. Rc7+ Kg6 34. Rxb7 {Dit eindspel ontstaat geforceerd en lijkt
gewonnen voor wit na bijv.} Bd3 {maar misschien kan zwart hier beter spelen.}
35. b4 $1 e4 36. b5 $1) 27... Kh7 28. Qf7+ 1/2-1/2